Quizzes
Events
Quiz Creation
Community
Videos
Private Events
Remove Ads
Sign In
Join for FREE
Feedback
Dark Mode
Quiz Categories
Sports
Geography
Music
Movies
Television
Just For Fun
Miscellaneous
History
Literature
Language
Science
Gaming
Entertainment
Religion
Holiday
For Kids
Quiz Lab
Recent
Popular Today
Quiz Kudos Today
Editor Picks
Curator Picks
Quizzes by...
Day
Popularity
Type
Ratings
Length
Year
Community
Subscriptions
Recent Discussions
Orange Saloon
Badges
Playlists
Quests
Create
Leaderboards
Showdown
Live 5
Trivia Bingo
Activity
Puzzle Library
Sporcle Events
Private Events
Virtual Trivia
Globe League
Become a Host
Pub Owners
SporcleCon
Opinionation
Our Games
Videos
Blog
Mobile Apps
Partnerships
Remove Ads and Go Orange
Feedback
Just For Fun
Clickable
Get the Picture
Humor
Quick Pick
Word Ladder
Missing Word
Mixed Word
Blitz
Minefield
This or That
Alphabet
Color
Typing
Sporcle
Puzzle
Word Play
Follow That Line
Logic
Just For Fun
Clickable
Get the Picture
Humor
Quick Pick
Word Ladder
Missing Word
Mixed Word
Blitz
Minefield
This or That
Alphabet
Color
Typing
Sporcle
Puzzle
Word Play
Follow That Line
Logic
Random Quiz
Search Sporcle
×
Featured
Featured
Just For Fun
Singers
Type in answers that appear in a list
Type in answers that appear in a list
Classic
Best Score? Go Orange.
Missing Word: Beatles Facts by the Letter Stats
Can you fill in the missing words in these facts for each letter in 'BEATLES'?
By
caseyw690
2.5m
7 Questions
3,135 Plays
3,135 Plays
3,135 Plays
Comments
Comments
Give Quiz Kudos
Give Quiz Kudos
-
- Ratings
hide this ad
Replay
Link that replays current quiz
Next Quiz
Link to next quiz in quiz playlist
You Got
0%
They Got
Avg Score
76%
Avg Friend Score
Upgrade to see
Score Distribution
Jump to the score distribution portion of the page
Score
0/7
Timer
02:30
0
Plays Today
Fact
Answer
% Correct
Known for its violin parts, _
_
_
_
_
_
_
Rigby was a landmark song that reached far beyond the other music of its time.
Eleanor
93.3%
Founded in _
_
_
_
_
_
_
_
_
_
in 1960, the English rock band evolved from Lennon's earlier group, the Quarrymen.
Liverpool
89.3%
A pivotal album for the Beatles, Sgt. Pepper's Lonely Hearts Club Band famously featured contemporary celebrities like Shirley _
_
_
_
_
_
on its cover.
Temple
85.7%
Founded in 1968, _
_
_
_
_
Corps is owned by the Beatles and produced their music towards the end of their careers.
Apple
80.1%
Richard _
_
_
_
_
_
_
, taking the stage name Ringo Starr, was the fourth and oldest member of the Beatles and was their drummer.
Starkey
72.1%
Working as a manager during most of the band's career, Brian _
_
_
_
_
_
_
's death at age 32 left the members distraught and disorganized.
Epstein
69.5%
Known for their adamant rejection of racial inequality, _
_
_
_
_
_
_
_
_
was written in part to convey the unfortunate state of civil rights.
Blackbird
44.3%
Quiz Playlist
Details
Report
Send in Message
Add To Playlist
Classic:
Type in answers that appear in a list
Last Updated: Sep 13, 2020
Featured
Curator Pick in
Letter
Previous Missing Word
Next Missing Word
Play Today's Daily Dose
Quiz Scoreboard
CHALLENGE
Sign Up to Join the Scoreboard
Show All
Scores
Hide
Comments
May contain spoilers
Recently Published
Presidents Visiting Landmarks
by Hejman
History
7m
An Introduction to Baseball
by treessimontrees
Sports
5m
Movies - When Are They Set?
by FPL_Elf
Movies
5m
More to Explore
Quiz From the Vault
Featured Blog Post
Where Did the Easter Bunny Come From?
hide this ad
You Might Also Like...
Tags
Letter Quiz
Missing Word Quiz
Singers Quiz
Song Quiz
The Beatles Quiz
On This Day
Today's Top Quizzes in Just For Fun
Browse Just For Fun
hide this ad
Today's Top Quizzes in Singers
Browse Singers
Top Contributed Quizzes in Just For Fun
1
Spring Typing Challenge
2
Killer Double Trees 224 - Colour Match-Up
3
Crossword Whiteout! 49
4
Zeroing In: Just For Fun
5
Harry Potter Logic - 'In Chains' II
6
Survivor Winners Logic Puzzle
7
Word Ladder: Ahoy Matey
8
Kyle's 122nd Triple Trees
9
Edinburgh Fringe jokes 2015
10
Word Ladder: Wilderness Weapon
Explore More
Trending Topics
Kpop
Disney
Crossword
NBA
Harry Potter
Marvel
Anime
Puzzle
WWE
The Office
Pokémon
Soccer
NFL
Country
Song
hide this ad
More By:
caseyw690
Quiz
Plays
Rating
Category
Featured
Created
Make the USA
30,915
4.74
Geography
Oct 25, 2017
Figure Out the Classic Novel
29,119
3.95
Literature
Mar 26, 2018
Make the USA...Upside Down! - Minefield
27,443
3.39
Geography
Jan 8, 2018
19th Century Events of Europe
26,482
4.70
History
Mar 19, 2018
Figure Out the Classic Novel II
25,445
4.59
Literature
Apr 6, 2018
Go to Creator's Profile
Score Distribution
Quiz Creator Spotlight
caseyw690
Follow
Send a Message
Quizzes Created
-
Created Quiz Play Count
-
More By This Creator
Popular Quizzes Today
1
Find the US States - No Outlines Minefield
2
Find the Countries of Europe - No Outlines Minefield
3
The Countries of the World
4
Find the US States
5
Popular People in 1961
6
US States
7
Risky Map Clicking: Biggest States A-Z
8
Movies - When Are They Set?
More Just For Fun Quizzes
Word Ladder: Best Picture of 2012
Published
Trending Quizzes
Risky Map Clicking: Least Populous States A-Z
1-10 Letter G Words
1-10 Letter F Words
Risky Map Clicking: Next State Alphabetically
Risky Map Clicking: Biggest States A-Z
Recently Updated
Leaping Animals
pecheneg
Reality TV Shows (A-Z)
bhenderson79
Rickey Henderson's Hall of Fame Teammates
pecheneg
Champions League XIs: Arsenal
pecheneg
Quick Pick: Celebrities in WWE's Hall of Fame
aduchscher
A-Z Keypad Blitz II
pecheneg
Multiple Oscar Actors
pecheneg
Mystery Phrase Blitz: Oscar 'Best Actors'
pecheneg
F. Scott Fitzgerald Novels
LTH
Pick 3 Villains
ddd62291
Trending Topics
NBA
Marvel
Anime
Disney
Harry Potter
Crossword
Kpop
WWE
The Office
NFL
Soccer
Puzzle
Song
Pokémon
Country
Your Account Isn't Verified!
In order to create a playlist on Sporcle, you need to verify the email address you used during registration. Go to your
Sporcle Settings
to finish the process.
Report this User
Report this user for behavior that violates our
Community Guidelines
.
Details:
Send Report
Go to the Sporcle.com Mobile Site →
Comments